Statistics for Dude Perfect Battle Winners

Click here to take the quiz!

General Stats

  • This quiz has been taken 12 times
    (4 since last reset)
  • The average score is 24 of 46

Answer Stats

BattleWinner% Correct
Paper Airplane BattleCody
100%
Giant Sumo Battle :)Coby
67%
Slip and Slide Football BattleCody
67%
Dizzy Sports BattleCody
67%
Metal Detector BattleCody
67%
RC BattleCody
67%
Freeze Frame Football BattleCody
67%
IPhone Game BattleCory
67%
Endless Ducker BattleCory
67%
Build a Boat BattleCory
67%
Extreme Weather Golf BattleCory
67%
Stunt Driving BattleGarrett
67%
Lawnmower Racing BattleGarrett
67%
Model Rocket BattleGarrett
67%
Giant Darts BattleGarrett
67%
All Sports Golf BattleGarrett
67%
All Sports Golf Battle 2Tyler
67%
Deep Sea Fishing BattleTyler
67%
Nerf Slip and Slide BattleTyler
67%
Dirt Bike BattleTyler
67%
Shark Fishing BattleTyler
67%
Bubble Wrap BattleTyler
67%
Virtual Reality BattleTyler
67%
Drone Racing BattleTyler
67%
Giant Basketball Arcade BattleTyler
67%
Mountain Top Snow BattleTyler
67%
Snow Sports BattleTyler
67%
Bubble Gum Blowing BattleTyler
67%
Plastic Golf BattleTyler
67%
Nerf Blasters BattleTyler
67%
Dizzy Sports Battle 2Tyler
67%
Drone Hunting BattleTyler/Cory
67%
Airsoft Battle RoyaleCody
33%
Nerf Blasters Floating Island BattleCody
33%
Model Rocket Battle 2Cory
33%
All Sports Golf Battle 3Garrett
33%
Go Kart BattlePanda
33%
High Speed Sports BattleTyler
33%
RC Airplane BattleCoby
0%
Metal Detector Battle 2Cody
0%
Nerf Fortnite Blasters BattleCory
0%
All Sports Baseball BattleCory
0%
All Sports Bowling BattleGarrett
0%
Bass Fishing BattleTyler
0%
Giant Waterslide BattleTyler
0%
Giant Foam Pit BattleTyler
0%

Score Distribution

Percentile by Number Answered

Percent of People with Each Score

Your Score History

You have not taken this quiz since the last reset